000 00348nam a2200133 a 4500
005 20141022141959.0
008 120306s19uu xx 00 eng d
050 _aCD-ROM
_bK11 2005
100 _aKabili, Jan
245 _aHow to wow photoshop for the web /
_cJan Kabili, Colin Smith.
260 _c2005.
700 _aSmith, Colin
942 _cAVM
999 _c276123
_d276123